Informe de labores 2001 - 2002 /

Uloženo v:
Podrobná bibliografie
Hlavní autor: José Manuel Echandi Meza
Korporativní autor: Costa Rica. Defensoría de los Habitantes
Další autoři: Max Esquivel Faerron
Médium: Text
Vydáno: San José: Defensoría de los Habitantes
Tagy: Přidat tag
Žádné tagy, Buďte první, kdo vytvoří štítek k tomuto záznamu!

MARC

LEADER 00000 a a2200000 04500
001 28858
003
040
020 |a 9977-955-06-9  
090 |a 190000  |b RECURSO ELECTRONICO  
100 |a José Manuel Echandi Meza  
110 |a Costa Rica. Defensoría de los Habitantes  
245 |a Informe de labores 2001 - 2002 /  |c José Manuel Echandi Meza  
260 |a San José:   |b Defensoría de los Habitantes  
700 |a Max Esquivel Faerron  
999 |c 14152  |d 14152